4-Letter Word Chain Game #1 - Statistics

General Stats
  • This quiz has been taken 98 times
  • The average score is 10 of 15
Answer Stats
Hint Answer % Correct
When you're not on time Late
100%
It's not hard Easy
99%
Home to baby birds Nest
94%
Not closed Open
94%
Clock Time
93%
Water creatures that look similarto a snake Eels
87%
On the side of your head Ears
80%
Last season Fall
80%
The end of a pencil Lead
55%
Country Togo
54%
Rebel ____ Yell
52%
Reality ____ Show
46%
Calander, couple, fruit Date
45%
End Last
29%
Get rid of Sell
20%
No matching quizzes found
Score Distribution
Percent of People with Each Score
Percentile by Number Answered
Your Score History
You have not taken this quiz